Responses for Show #2925 - Friday, April 25, 1997

Contestants

[<< previous game]

Courtney Conrad, a business owner from Orlando, Florida

Doug Antoniazzi, a test systems analyst from Hyde Park, Massachusetts

Roger Bauman, a financial analyst from St. Paul, Minnesota (whose 2-day cash winnings total $19,999)

[next game >>]

Jeopardy! Round responses

SHAKESPEARE
FEMALE SINGERS
CINCO DE MAYO
PEOPLE & PLACES
TEAM SPORTS
NOUNS OR VERBS
    $100 8
Romeo and Juliet

Doug
    $100 22
Madonna

Roger
    $100 6
Train

Roger
    $100 16
New York City

Doug
    $100 1
Quarterback

Roger
    $100 21
Fish

Courtney
    $200 9
Lady Macbeth

Courtney
    $200 23
Natalie Cole

Courtney
    $200 7
Minimum wage

Courtney
    $200 17
Pygmies

Doug
    $200 2
(D: What is volleyball?)

Water polo

RogerDoug
    $200 27
(Doug: What is spoil?)
...
(Alex: [To Doug] Our judges are in a good mood today, so your response of "spoil" is just as acceptable, so you get $400 back.)

spoils

RogerDoug
    $700 10
(Courtney: What is The Merry Wives of Windsor?)

The Taming of the Shrew

Courtney
    $300 24
Janis Joplin

Courtney
    $300 13
Carnegie Hall

Roger
    $300 18
Cockneys

Roger
    $300 3
Rugby

Courtney
    $300 28
Fool

Courtney
    $400 11
"Troilus and Cressida"

Doug
    $400 25
Amy Grant

Courtney
    $400 14
(Roger: What is Kyrgyzistan?)
(Alex: No.)
...
(Alex: We'd have given it to you, Roger, because it's not a word you hear every day, you weren't close enough; that extra syllable in there hurt you.)
...
(Alex: During the break, our researchers decided that Roger's response was close enough, based on what he knew, so he gets $800 back.)

Kyrgyzstan

Roger
    $400 19
(Doug: What are Finland and Sweden?)
(Roger: What are Finland and Norway?)
(Courtney: What are Finland and Denmark?)

Norway & Sweden

RogerDougCourtney
Triple Stumper
    $400 4
Quebec City

Roger
    $400 29
Mount

Roger
    $500 12
Claudius

Doug
    $500 26
(Alex: And we have a minute to deal with those 4 clues on the board, Courtney...)

Vanessa Williams

Triple Stumper
    $500 15
Addis Ababa

Doug
    $500 20
Caribbean Sea

Doug
    $500 5
Ultimate frisbee

Triple Stumper
    $500 30
Forge

Courtney

Scores at the first commercial break (after clue 15):

Roger Doug Courtney
$1,500 $1,300 $0

Scores at the end of the Jeopardy! Round:

Roger Doug Courtney
$2,100 $1,900 $1,400

Double Jeopardy! Round responses

SCIENCE
INTERNATIONAL CUISINE
PHOTOGRAPHY
HISTORIC AMERICANS
SILENT MOVIES
AUTHORS' NICKNAMES
    $200 12
The sun

Roger
    $200 20
Kiwi fruit

Courtney
    $200 11
Kodak

Courtney
    $200 1
Pocahontas

Roger
    $200 2
The Hunchback of Notre Dame

Doug
    $200 15
Mark Twain

Courtney
    $400 13
Crab Nebula

Courtney
    $400 21
Goulash

Doug
    $400 23
Mathew Brady

Courtney
    $400 7
Ethan Allen

Doug
    $400 3
The Gold Rush

Doug
    $400 16
Alexandre Dumas (pere)

Courtney
    $600 14
(Doug: What are capillaries?)

venules

Doug
Triple Stumper
    $600 22
Hassenpfeffer

Roger
    $600 28
F-stops

Triple Stumper
    $2,000 8
Nelson Rockefeller

Doug
    $600 4
Wings

Roger
    $600 17
Sinclair Lewis

Roger
    $2,000 18
(Roger: I don't know.)

silk

Roger
    $800 24
Mu Shu Pork

Triple Stumper
    $800 29
Kirlian photography

Courtney
    $800 9
Joseph Smith

Courtney
    $800 5
Don Juan

Roger
    $800 25
Geoffrey Chaucer

Doug
    $1000 19
Tungsten

Courtney
    $1000 27
Tabbouleh

Courtney
    $1000 30
(Roger: Who is Arbus?)

Margaret Bourke-White

RogerCourtney
    $1000 10
Susan B. Anthony

Doug
    $1000 6
Greta Garbo

Courtney
    $1000 26
Dante Alighieri

Courtney

Scores at the end of the Double Jeopardy! Round:

Roger Doug Courtney
$2,100 $6,500 $9,800

[wagering suggestions for these scores]

Final Jeopardy! Round responses

U.S. PRESIDENTS
(Alex: Doug, we'll see you on Monday, or then again, maybe not; we'll see you after all of our tournaments.)
RogerWho were Kennedy & Taft
$2,000
DougWho were Harding & JFK?
$6,499
CourtneyWho are Kennedy & Bush
$3,301
(2 of) Warren Harding, Harry Truman, John Kennedy, Lyndon Johnson & Richard Nixon

Final scores:

Roger Doug Courtney
$100 $12,999 $6,499
3rd place: Motorola StarTac Cellular Phone New champion: $12,999 2nd place: Temptress Adventures Trip/Cruise in Costa Rica

Game dynamics:

Coryat scores:

Roger Doug Courtney
$4,100 $5,100 $10,500
16 R,
3 W
(including 1 DD)
15 R
(including 1 DD),
3 W
22 R,
2 W
(including 1 DD)

Combined Coryat: $19,700

[game clues] [game scores] [suggest correction]

Game tape date: 1997-01-14
The J! Archive is created by fans, for fans. Scraping, republication, monetization, and malicious use prohibited; this site may use cookies and collect identifying information. See terms. The Jeopardy! game show and all elements thereof, including but not limited to copyright and trademark thereto, are the property of Jeopardy Productions, Inc. and are protected under law. This website is not affiliated with, sponsored by, or operated by Jeopardy Productions, Inc. Join the discussion at JBoard.tv.